000 00620nam a2200229Ia 4500
003 OSt
005 20221007075935.0
006 a|||||r|||| 00| 0
007 ta
008 221006b |||||||| |||| 00| 0 eng d
024 _a11,232
037 _cTextual
040 _aFLL
_cFLL
_beng
041 _2eng
_aeng
082 _aT4:7(Y1:47), L2
100 _aGautam G.S. Au.
_9694416
245 0 _aCrisis in the temples of learning
260 _aNew Delhi
_bS.Chand & co. India
_c1972
300 _avii.136p
_ccm.
942 _hT4:7(Y1:47), L2
_cTEXL
_2CC
999 _c1157890
_d1157890